[Event "5MCR_4D_2L_2S"]
[Site "?"]
[Date "2002.??.??"]
[Round "?"]
[White "Strnad, Martin"]
[Black "Bares, Jiri"]
[Result "1/2-1/2"]
[WhiteElo "2120"]
[BlackElo "2215"]
[PlyCount "106"]
[EventDate "2002.??.??"]
[EventType "corr"]
[SourceDate "2004.??.??"]

1. d4 d5 2. c4 e6 3. Nc3 Nf6 4. Bg5 Be7 5. e3 Nbd7 6. Nf3 O-O 7. Rc1 c6 8. Bd3
dxc4 9. Bxc4 Nd5 10. Bxe7 Qxe7 11. O-O Nxc3 12. Rxc3 e5 13. Qc2 exd4 14. exd4
Nb6 15. Bb3 Be6 16. Re1 Bxb3 17. Rxb3 Qd7 18. Ng5 g6 19. Rbe3 Qxd4 20. Re7 Qf6
21. Nf3 Rab8 22. Qb3 c5 23. R7e2 c4 24. Qa3 a6 25. Ne5 Rbc8 26. h3 Qd8 27. Ng4
Rc6 28. Qc3 h5 29. Ne5 Rc7 30. Rd2 Qe7 31. Qg3 Qb4 32. Rde2 Qd6 33. Qg5 Qd4 34.
Nf3 Qd8 35. Qh6 Nd5 36. Rd1 Rd7 37. Ne5 Nf4 38. Nxd7 Nxe2+ 39. Kh2 c3 40. bxc3
Nxc3 41. Rd6 Ne4 42. Rxg6+ fxg6 43. Qxg6+ Kh8 44. Nxf8 Qxf8 45. Qxh5+ Kg7 46.
Qg4+ Kh8 47. Qxe4 Qxf2 48. Qe5+ Kh7 49. Qc7+ Kh6 50. Qc1+ Kh7 51. Qc4 b5 52.
Qc7+ Kh6 53. Qd6+ Kh5 1/2-1/2

[Event "5MCR_4D_2L_2S"]
[Site "?"]
[Date "2002.??.??"]
[Round "?"]
[White "Strnad, Martin"]
[Black "Doktor, Pavel"]
[Result "1/2-1/2"]
[WhiteElo "2120"]
[BlackElo "1955"]
[PlyCount "81"]
[EventDate "2002.??.??"]
[EventType "corr"]
[SourceDate "2004.??.??"]

1. e4 e6 2. d4 d5 3. Nc3 Bb4 4. e5 c5 5. a3 Bxc3+ 6. bxc3 Ne7 7. Qg4 O-O 8. Bd3
f5 9. exf6 Rxf6 10. Bg5 Rf7 11. Qh5 g6 12. Qd1 Nbc6 13. Nf3 Qf8 14. O-O c4 15.
Be2 h6 16. Bd2 Bd7 17. a4 g5 18. h3 Qg7 19. Re1 b6 20. Nh2 Ng6 21. Bh5 Rf6 22.
Bc1 Nf4 23. Bf3 Raf8 24. Ba3 R8f7 25. Kh1 Kh7 26. Bd6 Ng6 27. Ra2 Bc8 28. Rb2
Rf5 29. Rb5 Bd7 30. Rb1 R5f6 31. Rb2 Rf5 32. Ra2 R5f6 33. Re2 Bc8 34. Qe1 Rd7
35. Bg3 Re7 36. Qd2 Ref7 37. Bh5 Re7 38. Ng4 Rf5 39. Bxg6+ Qxg6 40. Kg1 Ref7
41. Ne3 1/2-1/2

[Event "5MCR_4D_2L_2S"]
[Site "?"]
[Date "2002.??.??"]
[Round "?"]
[White "Strnad, Martin"]
[Black "Havel, Premysl"]
[Result "1/2-1/2"]
[WhiteElo "2120"]
[BlackElo "1945"]
[PlyCount "101"]
[EventDate "2002.??.??"]
[EventType "corr"]
[SourceDate "2004.??.??"]

1. e4 e5 2. Nf3 Nc6 3. d4 exd4 4. Nxd4 Nf6 5. Nxc6 bxc6 6. e5 Qe7 7. Qe2 Nd5 8.
c4 Ba6 9. b3 Qh4 10. a3 Bc5 11. Qf3 Nb6 12. Bd3 Bd4 13. Ra2 O-O 14. g3 Qe7 15.
Bxh7+ Kxh7 16. Qd3+ Kg8 17. Qxd4 d5 18. Be3 dxc4 19. b4 Rfe8 20. f4 Bc8 21. Qc5
Qxc5 22. Bxc5 Nd5 23. Kf2 Bf5 24. Nd2 a5 25. Raa1 c3 26. Nb3 axb4 27. Nd4 Bd3
28. axb4 Be4 29. Rhc1 Rxa1 30. Rxa1 g6 31. h4 c2 32. Ke1 Rd8 33. Kd2 Nxb4 34.
Ke3 Nd3 35. Be7 Re8 36. Nxc2 Nxe5 37. fxe5 Bxc2 38. Bf6 Bb3 39. Kd4 Bd5 40. Ra7
Rc8 41. Kc5 Kh7 42. Bg5 Bf3 43. Kd4 Be2 44. Rb7 Bf1 45. Kc5 Bg2 46. Bf6 Bd5 47.
g4 Bf3 48. g5 Kg8 49. Be7 Bd5 50. Ra7 Kh7 51. Ra5 1/2-1/2

[Event "5MCR_4D_2L_2S"]
[Site "?"]
[Date "2002.??.??"]
[Round "?"]
[White "Strnad, Martin"]
[Black "Soudny, Jiri"]
[Result "1/2-1/2"]
[WhiteElo "2120"]
[BlackElo "2190"]
[PlyCount "43"]
[EventDate "2002.??.??"]
[EventType "corr"]
[SourceDate "2004.??.??"]

1. e4 e6 2. d4 d5 3. Nc3 Nf6 4. Bg5 dxe4 5. Nxe4 Be7 6. Bxf6 Bxf6 7. Nf3 O-O 8.
Qd2 Nd7 9. O-O-O Be7 10. Bd3 b6 11. h4 Bb7 12. c3 c5 13. Neg5 h6 14. Bh7+ Kh8
15. Be4 Bxg5 16. Nxg5 Qc7 17. Bxb7 Qxb7 18. d5 exd5 19. Qxd5 Qxd5 20. Rxd5 Nf6
21. Rd2 Rae8 22. Nf3 1/2-1/2

[Event "5MCR_4D_2L_2S"]
[Site "?"]
[Date "2002.??.??"]
[Round "?"]
[White "Strnad, Martin"]
[Black "Vilimek, Pavel"]
[Result "1-0"]
[WhiteElo "2120"]
[BlackElo "2080"]
[PlyCount "67"]
[EventDate "2002.??.??"]
[EventType "corr"]
[SourceDate "2004.??.??"]

1. e4 e5 2. Bc4 Nf6 3. d3 Nc6 4. Nf3 Be7 5. O-O O-O 6. c3 d5 7. exd5 Nxd5 8.
Re1 Bg4 9. h3 Bh5 10. Nbd2 Nf4 11. Nf1 Na5 12. Bb5 c6 13. Bxf4 exf4 14. Ba4 b5
15. Bc2 c5 16. N1d2 Re8 17. d4 cxd4 18. cxd4 a6 19. Re5 g6 20. Rxh5 gxh5 21.
Ne5 Bf6 22. Qxh5 Bxe5 23. dxe5 f5 24. exf6 Qxf6 25. Qxh7+ Kf8 26. Ne4 Qe5 27.
Qh6+ Ke7 28. Qh4+ Kf8 29. Rd1 Re7 30. Nf6 Rea7 31. Rd7 Qe1+ 32. Kh2 Rxd7 33.
Nxd7+ Ke8 34. Bf5 1-0

[Event "5MCR_4D_2L_2S"]
[Site "?"]
[Date "2002.??.??"]
[Round "?"]
[White "Strnad, Martin"]
[Black "Vondracek, Emil"]
[Result "1-0"]
[WhiteElo "2120"]
[BlackElo "2285"]
[PlyCount "65"]
[EventDate "2002.??.??"]
[EventType "corr"]
[SourceDate "2004.??.??"]

1. d4 Nf6 2. c4 e6 3. Nf3 d5 4. Nc3 Bb4 5. Bg5 dxc4 6. e4 c5 7. Bxc4 cxd4 8.
Nxd4 Bxc3+ 9. bxc3 Qa5 10. Bb5+ Nbd7 11. Bxf6 Qxc3+ 12. Kf1 gxf6 13. h4 a6 14.
Rh3 Qa5 15. Be2 Nc5 16. Nb3 Nxb3 17. Qxb3 b6 18. Rb1 b5 19. Qf3 Qd8 20. e5 Ra7
21. exf6 Rd7 22. a4 Bb7 23. Qg3 Qxf6 24. axb5 a5 25. b6 Kd8 26. Rd1 Bd5 27. Kg1
Qb2 28. Rxd5 Qc1+ 29. Rd1 Rxd1+ 30. Bxd1 Qxd1+ 31. Kh2 Ke7 32. Qg5+ Ke8 33. Qe5
1-0

[Event "5MCR_4D_2L_2S"]
[Site "?"]
[Date "2002.??.??"]
[Round "?"]
[White "Vilimek, Pavel"]
[Black "Bares, Jiri"]
[Result "1/2-1/2"]
[WhiteElo "2080"]
[BlackElo "2215"]
[PlyCount "102"]
[EventDate "2002.??.??"]
[EventType "corr"]
[SourceDate "2004.??.??"]

1. e4 c5 2. Nf3 d6 3. d4 cxd4 4. Nxd4 Nf6 5. Nc3 g6 6. Be3 Bg7 7. f3 Nc6 8. Qd2
Bd7 9. O-O-O Rc8 10. g4 Ne5 11. h4 h5 12. g5 Nh7 13. f4 Ng4 14. Bh3 Nxe3 15.
Bxd7+ Qxd7 16. Qxe3 O-O 17. f5 Rc4 18. Rhf1 Rfc8 19. Qf2 e6 20. f6 Bf8 21. Rd3
a6 22. Nf3 R4c5 23. Nd2 b5 24. Nb3 R5c7 25. a3 Rb7 26. Rd4 Qc7 27. Rfd1 a5 28.
Kb1 b4 29. axb4 axb4 30. Na2 Qd7 31. Rxb4 Rxb4 32. Nxb4 Qb7 33. Qe1 d5 34. Na2
Qc6 35. Nc3 dxe4 36. Qxe4 Qc7 37. Rd3 Rb8 38. Ne2 Rb5 39. Nbd4 Rb4 40. Nf4 Qb6
41. b3 Kh8 42. Kc1 Qb8 43. c3 Rb6 44. Nxg6+ fxg6 45. Qxg6 Qf4+ 46. Kc2 Ra6 47.
f7 Qf2+ 48. Rd2 Ra2+ 49. Kb1 Qe1+ 50. Kxa2 Qxd2+ 51. Kb1 Bg7 1/2-1/2

[Event "5MCR_4D_2L_2S"]
[Site "?"]
[Date "2002.??.??"]
[Round "?"]
[White "Vilimek, Pavel"]
[Black "Canibal, Jaromir"]
[Result "1/2-1/2"]
[WhiteElo "2080"]
[BlackElo "2230"]
[PlyCount "80"]
[EventDate "2002.??.??"]
[EventType "corr"]
[SourceDate "2004.??.??"]

1. e4 e5 2. Nf3 Nf6 3. Nxe5 d6 4. Nf3 Nxe4 5. d4 d5 6. Bd3 Nc6 7. O-O Be7 8. c4
Nf6 9. Nc3 O-O 10. cxd5 Nxd5 11. Re1 Be6 12. a3 Bf6 13. Be4 h6 14. Qd3 Nce7 15.
Bd2 c6 16. Rad1 Rc8 17. h3 Re8 18. Qc2 Qc7 19. Bh7+ Kh8 20. Ne4 g6 21. Nxf6
Nxf6 22. Rxe6 Kxh7 23. Re5 Nd7 24. Re2 Nd5 25. Rde1 Rxe2 26. Rxe2 Kg7 27. Re1
N7f6 28. b4 Qb6 29. Qc4 Re8 30. Re5 a6 31. Qc1 Rh8 32. Qc2 Ne8 33. Bc1 Nd6 34.
Qc5 Qd8 35. Bd2 f5 36. Bc1 Ne4 37. Qc2 Rf8 38. Nd2 Nd6 39. Nb3 Rf7 40. Nc5 Kh7
1/2-1/2

[Event "5MCR_4D_2L_2S"]
[Site "?"]
[Date "2002.??.??"]
[Round "?"]
[White "Vilimek, Pavel"]
[Black "Doktor, Pavel"]
[Result "1-0"]
[WhiteElo "2080"]
[BlackElo "1955"]
[PlyCount "52"]
[EventDate "2002.??.??"]
[EventType "corr"]
[SourceDate "2004.??.??"]

1. d4 Nf6 2. c4 e6 3. Nc3 Bb4 4. Qc2 O-O 5. a3 Bxc3+ 6. Qxc3 b6 7. Bg5 Bb7 8.
Nf3 d6 9. Nd2 Nbd7 10. f3 h6 11. Bh4 c5 12. e4 Re8 13. Bd3 Rc8 14. O-O d5 15.
cxd5 exd5 16. Rae1 Qc7 17. Bg3 Qc6 18. Bf2 dxe4 19. Nxe4 Nd5 20. Qc1 c4 21. Bb1
Nf8 22. Nc3 Qd7 23. Kh1 a6 24. Qd2 Rcd8 25. Rxe8 Rxe8 26. Ne4 Ne6 1-0

[Event "5MCR_4D_2L_2S"]
[Site "?"]
[Date "2002.??.??"]
[Round "?"]
[White "Vilimek, Pavel"]
[Black "Havel, Premysl"]
[Result "1-0"]
[WhiteElo "2080"]
[BlackElo "1945"]
[PlyCount "41"]
[EventDate "2002.??.??"]
[EventType "corr"]
[SourceDate "2004.??.??"]

1. d4 Nf6 2. c4 e6 3. Nc3 Bb4 4. Qc2 O-O 5. a3 Bxc3+ 6. Qxc3 d6 7. Bg5 Nbd7 8.
e3 h6 9. Bh4 b6 10. Bd3 Bb7 11. f3 Qe7 12. Ne2 e5 13. O-O e4 14. fxe4 Qe8 15.
e5 dxe5 16. d5 e4 17. Bc2 b5 18. Nd4 bxc4 19. Nf5 Bxd5 20. Rad1 Qe6 21. Rxd5
1-0

[Event "5MCR_4D_2L_2S"]
[Site "?"]
[Date "2002.??.??"]
[Round "?"]
[White "Vilimek, Pavel"]
[Black "Soudny, Jiri"]
[Result "0-1"]
[WhiteElo "2080"]
[BlackElo "2190"]
[PlyCount "74"]
[EventDate "2002.??.??"]
[EventType "corr"]
[SourceDate "2004.??.??"]

1. e4 e6 2. d4 d5 3. Nc3 Nf6 4. e5 Nfd7 5. f4 c5 6. Nf3 Nc6 7. Be3 cxd4 8. Nxd4
Bc5 9. Qd2 O-O 10. O-O-O a6 11. h4 Nxd4 12. Bxd4 b5 13. Rh3 b4 14. Na4 Bxd4 15.
Qxd4 a5 16. Bb5 Rb8 17. Bd3 Qc7 18. h5 Bb7 19. g4 Rfc8 20. Rh2 Bc6 21. Nc5 Bb5
22. Nxd7 Qxd7 23. g5 Bxd3 24. Rxd3 a4 25. g6 b3 26. axb3 axb3 27. c3 Qb5 28.
Kd2 Ra8 29. gxh7+ Kxh7 30. Rg3 Ra4 31. Qd3+ Qxd3+ 32. Kxd3 Rxf4 33. Rhg2 Rg8
34. Rg4 Rf5 35. Re2 Rxh5 36. Rb4 g5 37. Rxb3 Kg6 0-1

[Event "5MCR_4D_2L_2S"]
[Site "?"]
[Date "2002.??.??"]
[Round "?"]
[White "Vilimek, Pavel"]
[Black "Vondracek, Emil"]
[Result "0-1"]
[WhiteElo "2080"]
[BlackElo "2285"]
[PlyCount "94"]
[EventDate "2002.??.??"]
[EventType "corr"]
[SourceDate "2004.??.??"]

1. d4 Nf6 2. c4 e6 3. Nc3 Bb4 4. Qc2 O-O 5. a3 Bxc3+ 6. Qxc3 b6 7. Bg5 Ba6 8.
e3 d6 9. Bd3 Nbd7 10. Ne2 c5 11. Qc2 h6 12. Bh4 Rc8 13. Qa4 Bb7 14. O-O Qc7 15.
Nc3 a6 16. Rfc1 Rfe8 17. Qc2 Qc6 18. f3 d5 19. Bxf6 Nxf6 20. cxd5 exd5 21. Re1
Re7 22. dxc5 bxc5 23. b3 c4 24. bxc4 dxc4 25. Bf5 Rd8 26. Qf2 Qc7 27. e4 Qa5
28. Qb2 Rd3 29. Rac1 Qc5+ 30. Kh1 g6 31. Na4 Qc6 32. Qb4 Rc7 33. Bh3 Rb3 34.
Qxb3 cxb3 35. Rxc6 Bxc6 36. Nb2 Bd7 37. Bxd7 Nxd7 38. Rb1 Rc2 39. Nd3 Rd2 40.
Nb2 Nc5 41. h4 Rc2 42. Kh2 Kg7 43. Kg3 Kf6 44. Nd1 Ke5 45. h5 gxh5 46. Ne3 Re2
47. Nd5 b2 0-1

[Event "5MCR_4D_2L_2S"]
[Site "?"]
[Date "2002.??.??"]
[Round "?"]
[White "Vondracek, Emil"]
[Black "Bares, Jiri"]
[Result "1-0"]
[WhiteElo "2285"]
[BlackElo "2215"]
[PlyCount "121"]
[EventDate "2002.??.??"]
[EventType "corr"]
[SourceDate "2004.??.??"]

1. e4 c5 2. Nc3 Nc6 3. f4 g6 4. Nf3 Bg7 5. Bb5 Nd4 6. O-O Nxb5 7. Nxb5 d5 8. e5
a6 9. Nc3 d4 10. Ne4 Qd5 11. Qe2 Bf5 12. d3 Rc8 13. Re1 Nh6 14. c4 dxc3 15.
bxc3 O-O 16. c4 Qc6 17. a4 b6 18. Ba3 a5 19. Bb2 Rfd8 20. Nfg5 Rc7 21. Ra3 Bg4
22. Qf2 Rcd7 23. h3 Bf5 24. Qf3 Rc7 25. g4 Bc8 26. Nc3 Qxf3 27. Nxf3 Be6 28.
Re3 Rcd7 29. Nb5 Bxg4 30. hxg4 Nxg4 31. Re2 Rxd3 32. Kg2 Rxa3 33. Bxa3 h5 34.
Bc1 Rd1 35. Bd2 Ra1 36. Nc3 Ra3 37. Nd5 Rxa4 38. Nxe7+ Kf8 39. Nc8 Rxc4 40.
Nxb6 Rc2 41. Ne1 Ra2 42. Nd3 Ke8 43. Nc4 Bf8 44. Nxa5 Kd7 45. Nc4 Ke6 46. Kf3
Rc2 47. Ndb2 Kf5 48. Re1 h4 49. Ke2 h3 50. Kd1 Rxd2+ 51. Kxd2 Kxf4 52. Nd3+ Kf3
53. Rf1+ Kg3 54. Ke2 h2 55. e6 f5 56. Nde5 Nxe5 57. Nxe5 g5 58. Nf3 g4 59. Nxh2
Kxh2 60. Rxf5 Be7 61. Rf7 1-0

[Event "5MCR_4D_2L_2S"]
[Site "?"]
[Date "2002.??.??"]
[Round "?"]
[White "Vondracek, Emil"]
[Black "Canibal, Jaromir"]
[Result "1/2-1/2"]
[WhiteElo "2285"]
[BlackElo "2230"]
[PlyCount "56"]
[EventDate "2002.??.??"]
[EventType "corr"]
[SourceDate "2004.??.??"]

1. Nf3 Nf6 2. d4 g6 3. Bg5 Bg7 4. Nbd2 O-O 5. c3 Qe8 6. e4 d6 7. Be2 e5 8. dxe5
dxe5 9. O-O Nbd7 10. Qc2 h6 11. Bh4 Nh5 12. Rfe1 Nc5 13. b4 Ne6 14. a4 a5 15.
b5 Nef4 16. Bc4 Be6 17. Rad1 c6 18. b6 g5 19. Bg3 Qe7 20. Bxe6 Qxe6 21. c4 c5
22. Nf1 Qxb6 23. Ne3 Qe6 24. Qb3 b6 25. Nd5 Rab8 26. Bxf4 Nxf4 27. Nd2 Qg4 28.
Ne3 Qc8 1/2-1/2

[Event "5MCR_4D_2L_2S"]
[Site "?"]
[Date "2002.??.??"]
[Round "?"]
[White "Vondracek, Emil"]
[Black "Doktor, Pavel"]
[Result "1-0"]
[WhiteElo "2285"]
[BlackElo "1955"]
[PlyCount "85"]
[EventDate "2002.??.??"]
[EventType "corr"]
[SourceDate "2004.??.??"]

1. e4 e6 2. d4 d5 3. Nc3 Bb4 4. exd5 exd5 5. Bd3 Ne7 6. Nf3 Bg4 7. a3 Ba5 8.
O-O Nbc6 9. Be3 Bb6 10. h3 Bxf3 11. Qxf3 Bxd4 12. Bf4 Ne5 13. Bxe5 Bxe5 14.
Rfe1 f6 15. Nd1 O-O 16. Re2 c6 17. c3 Qc7 18. Ne3 Bh2+ 19. Kf1 Qf4 20. Qxf4
Bxf4 21. Rae1 Ng6 22. Nf5 Ne5 23. Bb1 g6 24. Nd4 Bh6 25. g3 Nc4 26. Bd3 f5 27.
Bxc4 dxc4 28. f4 Bg7 29. Ne6 Rf7 30. Ng5 Rd7 31. Re8+ Rxe8 32. Rxe8+ Bf8 33.
Rb8 Re7 34. Nf3 b5 35. Nd4 a6 36. Nxc6 Re3 37. Ne5 Kg7 38. Kf2 Re4 39. Nd7 Be7
40. Rb7 Bd6 41. Nb8+ Re7 42. Rxe7+ Bxe7 43. Nxa6 1-0

[Event "5MCR_4D_2L_2S"]
[Site "?"]
[Date "2002.??.??"]
[Round "?"]
[White "Vondracek, Emil"]
[Black "Havel, Premysl"]
[Result "1-0"]
[WhiteElo "2285"]
[BlackElo "1945"]
[PlyCount "63"]
[EventDate "2002.??.??"]
[EventType "corr"]
[SourceDate "2004.??.??"]

1. e4 e5 2. Nc3 Nf6 3. Bc4 Nxe4 4. Qh5 Nd6 5. Bb3 Nc6 6. Nb5 g6 7. Qf3 f5 8.
Qd5 Qe7 9. Nxc7+ Kd8 10. Nxa8 b6 11. d3 Bb7 12. h4 f4 13. Qf3 Nd4 14. Qg4 Qg7
15. Nxb6 axb6 16. c3 h5 17. Qh3 N4f5 18. Nf3 Qe7 19. Kd1 Bxf3+ 20. Qxf3 Nxh4
21. Qa8+ Nc8 22. Bd2 Nf5 23. Ke2 Qc5 24. Bd5 Nfe7 25. Bf3 d5 26. a4 Qc6 27.
Qxc6 Nxc6 28. Bxd5 N8e7 29. Be4 Na5 30. b4 Nb3 31. Ra3 Nxd2 32. Kxd2 1-0

[Event "5MCR_4D_2L_2S"]
[Site "?"]
[Date "2002.??.??"]
[Round "?"]
[White "Vondracek, Emil"]
[Black "Paukert, Martin"]
[Result "1-0"]
[WhiteElo "2285"]
[BlackElo "2030"]
[PlyCount "61"]
[EventDate "2002.??.??"]
[EventType "corr"]
[SourceDate "2004.??.??"]

1. e4 c5 2. Nc3 Nc6 3. Nf3 d6 4. d4 cxd4 5. Nxd4 a6 6. Be2 Nf6 7. Be3 e6 8. O-O
Be7 9. f4 Qc7 10. Kh1 O-O 11. Qe1 Nxd4 12. Bxd4 b5 13. a3 Bb7 14. Qg3 Bc6 15.
Rae1 Qb7 16. Bd3 b4 17. Nd1 bxa3 18. bxa3 Rac8 19. Nf2 Nh5 20. Qg4 Nf6 21. Qh3
Nd7 22. e5 g6 23. exd6 Bxd6 24. Ng4 Rfe8 25. Kg1 Bc5 26. Bxc5 Nxc5 27. f5 Nxd3
28. fxg6 f5 29. Nf6+ Kh8 30. cxd3 Re7 31. Nxh7 1-0

[Event "5MCR_4D_2L_2S"]
[Site "?"]
[Date "2002.??.??"]
[Round "?"]
[White "Vondracek, Emil"]
[Black "Soudny, Jiri"]
[Result "0-1"]
[WhiteElo "2285"]
[BlackElo "2190"]
[PlyCount "88"]
[EventDate "2002.??.??"]
[EventType "corr"]
[SourceDate "2004.??.??"]

1. e4 e6 2. d4 d5 3. Nc3 Nf6 4. e5 Nfd7 5. f4 c5 6. Nf3 Nc6 7. Be3 cxd4 8. Nxd4
Bc5 9. Qd2 O-O 10. O-O-O a6 11. h4 Nxd4 12. Bxd4 b5 13. Rh3 b4 14. Na4 Bxd4 15.
Qxd4 a5 16. g4 Ba6 17. Nc5 Nxc5 18. Qxc5 Rc8 19. Qf2 Bxf1 20. Rxf1 a4 21. Kb1
f6 22. Qe2 Rc4 23. Rhf3 Qe7 24. Qd3 f5 25. gxf5 Rxf5 26. b3 axb3 27. cxb3 Re4
28. Qa6 h6 29. Qb6 Qf7 30. Qc5 Rfxf4 31. Rxf4 Rxf4 32. Rxf4 Qxf4 33. Qc8+ Kh7
34. Qxe6 Qe4+ 35. Kc1 h5 36. Qe7 Qe1+ 37. Kc2 Qc3+ 38. Kb1 d4 39. Qg5 Qe1+ 40.
Kc2 Qe2+ 41. Kc1 Qe3+ 42. Qxe3 dxe3 43. e6 Kg6 44. Kd1 Kf6 0-1

[Event "5MCR_4D_2L_3S"]
[Site "?"]
[Date "2002.??.??"]
[Round "?"]
[White "Bucek, Jiri"]
[Black "Durchan, Milan"]
[Result "1/2-1/2"]
[WhiteElo "2200"]
[BlackElo "2145"]
[PlyCount "38"]
[EventDate "2002.??.??"]
[EventType "corr"]
[SourceDate "2004.??.??"]

1. e4 c6 2. d4 d5 3. e5 Bf5 4. Nd2 e6 5. Nb3 Nd7 6. Be2 Ne7 7. Be3 c5 8. Nxc5
Nxc5 9. dxc5 Nc6 10. Nf3 Be4 11. O-O Bxf3 12. Bxf3 Nxe5 13. Bd4 Nc6 14. c3 Qc7
15. b4 Nxd4 16. Qxd4 O-O-O 17. a4 h5 18. a5 a6 19. Rad1 Rh6 1/2-1/2

[Event "5MCR_4D_2L_3S"]
[Site "?"]
[Date "2002.??.??"]
[Round "?"]
[White "Bucek, Jiri"]
[Black "Minovsky, Roman"]
[Result "1/2-1/2"]
[WhiteElo "2200"]
[BlackElo "2015"]
[PlyCount "63"]
[EventDate "2002.??.??"]
[EventType "corr"]
[SourceDate "2004.??.??"]

1. e4 e5 2. Nf3 Nf6 3. Nxe5 d6 4. Nf3 Nxe4 5. d4 d5 6. Bd3 Nc6 7. O-O Be7 8.
Nbd2 Nxd2 9. Qxd2 O-O 10. c3 Bd6 11. Bc2 Qf6 12. Qd3 Qg6 13. Nh4 Qxd3 14. Bxd3
g6 15. f4 Bd7 16. Bd2 f6 17. f5 g5 18. Nf3 Rad8 19. g4 Rde8 20. Rae1 Kg7 21.
Kg2 Rh8 22. Rxe8 Rxe8 23. h3 a6 24. b3 a5 25. a4 b6 26. Bb5 Nb8 27. Bxd7 Nxd7
28. Re1 Rxe1 29. Nxe1 c6 30. Kf3 Kf7 31. Nd3 b5 32. axb5 1/2-1/2

[Event "5MCR_4D_2L_3S"]
[Site "?"]
[Date "2002.??.??"]
[Round "?"]
[White "Bucek, Jiri"]
[Black "Necesany, Zdenek"]
[Result "1/2-1/2"]
[WhiteElo "2200"]
[BlackElo "2190"]
[PlyCount "61"]
[EventDate "2002.??.??"]
[EventType "corr"]
[SourceDate "2004.??.??"]

1. e4 c5 2. Nf3 Nc6 3. d4 cxd4 4. Nxd4 Qc7 5. Nb5 Qb8 6. g3 Nf6 7. Bg2 a6 8.
N5c3 e6 9. O-O b5 10. Bf4 d6 11. a3 Bb7 12. Nd2 Be7 13. Nb3 O-O 14. Re1 Nd7 15.
Ne2 Qc7 16. Ned4 Rac8 17. Nxc6 Bxc6 18. c3 e5 19. Be3 Rfd8 20. Qc2 Nb6 21. Bxb6
Qxb6 22. Nd2 Qc7 23. Rad1 Bd7 24. Nf1 Bg4 25. Rd3 Bg5 26. Ne3 Bxe3 27. Rexe3
Qb6 28. Bf3 Bxf3 29. Rxf3 Rc5 30. Rd1 Rc4 31. Qe2 1/2-1/2

[Event "5MCR_4D_2L_3S"]
[Site "?"]
[Date "2002.??.??"]
[Round "?"]
[White "Bucek, Jiri"]
[Black "Nekola, Pavel"]
[Result "1-0"]
[WhiteElo "2200"]
[BlackElo "2435"]
[PlyCount "39"]
[EventDate "2002.??.??"]
[EventType "corr"]
[SourceDate "2004.??.??"]

1. e4 e5 2. Nf3 Nc6 3. d4 exd4 4. Nxd4 Qh4 5. Nc3 Bb4 6. Be2 Qxe4 7. Ndb5 Bxc3+
8. bxc3 Kd8 9. O-O Nf6 10. Re1 Re8 11. Bg5 d6 12. Qd2 Qa4 13. Nd4 a6 14. Qf4
Nxd4 15. Bxf6+ gxf6 16. Qxf6+ Kd7 17. Qxf7+ Kd8 18. Qf6+ Kd7 19. cxd4 Rxe2 20.
Rxe2 1-0

[Event "5MCR_4D_2L_3S"]
[Site "?"]
[Date "2002.??.??"]
[Round "?"]
[White "Bucek, Jiri"]
[Black "Nudcenko, Karel"]
[Result "1/2-1/2"]
[WhiteElo "2200"]
[BlackElo "1800"]
[PlyCount "39"]
[EventDate "2002.??.??"]
[EventType "corr"]
[SourceDate "2004.??.??"]

1. e4 e6 2. d4 d5 3. Nc3 Bb4 4. e5 c5 5. a3 Ba5 6. dxc5 Bxc3+ 7. bxc3 Qc7 8.
Nf3 Nd7 9. c4 Nxe5 10. Bb2 Nxf3+ 11. Qxf3 Ne7 12. cxd5 Nxd5 13. Bb5+ Bd7 14.
Bxd7+ Qxd7 15. c4 Ne7 16. Bxg7 Rg8 17. Bf6 O-O-O 18. O-O Rde8 19. Bxe7 Rxe7 20.
Rab1 1/2-1/2

[Event "5MCR_4D_2L_3S"]
[Site "?"]
[Date "2002.??.??"]
[Round "?"]
[White "Bucek, Jiri"]
[Black "Skalicky, Frantisek"]
[Result "1-0"]
[WhiteElo "2200"]
[BlackElo "2245"]
[PlyCount "61"]
[EventDate "2002.??.??"]
[EventType "corr"]
[SourceDate "2004.??.??"]

1. e4 e5 2. Nf3 Nc6 3. d4 exd4 4. Nxd4 Nf6 5. Nxc6 bxc6 6. Bd3 d5 7. Qe2 Be7 8.
O-O O-O 9. Nd2 Re8 10. e5 Nd7 11. f4 Nc5 12. Nb3 Nxb3 13. cxb3 a5 14. Qc2 h6
15. Qxc6 Rb8 16. f5 Bf8 17. Bf4 Qd7 18. Rac1 Rb7 19. Ba6 Rb4 20. Bd3 Rb7 21.
Ba6 Rb4 22. Bxc8 Qxc6 23. Rxc6 Rxc8 24. g3 a4 25. Rfc1 axb3 26. a3 Ra4 27. Kf2
Re8 28. h4 Be7 29. Kf3 Bd8 30. R1c3 Bxh4 31. gxh4 1-0

[Event "5MCR_4D_2L_3S"]
[Site "?"]
[Date "2002.??.??"]
[Round "?"]
[White "Durchan, Milan"]
[Black "Nekola, Pavel"]
[Result "1-0"]
[WhiteElo "2145"]
[BlackElo "1800"]
[PlyCount "56"]
[EventDate "2002.??.??"]
[EventType "corr"]
[SourceDate "2004.??.??"]

1. e4 e5 2. Nf3 Nc6 3. Bb5 a6 4. Ba4 Nf6 5. O-O Be7 6. Re1 b5 7. Bb3 O-O 8. a4
Bb7 9. d3 d5 10. axb5 axb5 11. Rxa8 Bxa8 12. exd5 Nxd5 13. Nxe5 Nxe5 14. Rxe5
Bf6 15. Re1 c5 16. Nd2 Qc7 17. Qg4 Ne7 18. c3 Be5 19. Nf1 Qd6 20. Ng3 Ng6 21.
Nf5 Qc7 22. h4 Bf6 23. h5 c4 24. dxc4 Ne5 25. Bf4 Re8 26. Bxe5 Rxe5 27. Rxe5
Qxe5 28. cxb5 Qxb5 1-0

[Event "5MCR_4D_2L_3S"]
[Site "?"]
[Date "2002.??.??"]
[Round "?"]
[White "Durchan, Milan"]
[Black "Pech, Jaroslav"]
[Result "1-0"]
[WhiteElo "2145"]
[BlackElo "2080"]
[PlyCount "73"]
[EventDate "2002.??.??"]
[EventType "corr"]
[SourceDate "2004.??.??"]

1. e4 c5 2. Nc3 Nc6 3. f4 g6 4. Nf3 Bg7 5. Bc4 e6 6. e5 d6 7. exd6 Nf6 8. O-O
Qxd6 9. d3 O-O 10. Qe2 a6 11. a4 Na5 12. Ba2 b6 13. Ne4 Qd7 14. Ne5 Qxa4 15.
Be3 Qe8 16. b4 cxb4 17. Bxb6 Nb7 18. Bc4 Nd5 19. Bd4 a5 20. Qf2 f6 21. Ng4 Qd8
22. Rae1 Nc7 23. f5 gxf5 24. Ngxf6+ Kh8 25. Be5 fxe4 26. Qh4 h6 27. Qh5 Nd6 28.
Qg6 Rxf6 29. Rxf6 Qe8 30. Qg4 Kh7 31. Ref1 Nf5 32. R6xf5 Qg6 33. Qxg6+ Kxg6 34.
Rf6+ Bxf6 35. Rxf6+ Kg5 36. h4+ Kxh4 37. Rg6 1-0

[Event "5MCR_4D_2L_3S"]
[Site "?"]
[Date "2002.??.??"]
[Round "?"]
[White "Durchan, Milan"]
[Black "Sebek, Pavel"]
[Result "1-0"]
[WhiteElo "2145"]
[BlackElo "1955"]
[PlyCount "87"]
[EventDate "2002.??.??"]
[EventType "corr"]
[SourceDate "2004.??.??"]

1. e4 c5 2. Nc3 Nc6 3. f4 d6 4. Nf3 Nf6 5. Bc4 e6 6. d3 Be7 7. O-O O-O 8. Qe1
Nd4 9. Nxd4 cxd4 10. Ne2 e5 11. f5 Kh8 12. Rf3 Ng4 13. h3 Ne3 14. Bxe3 dxe3 15.
Nc3 a6 16. Qxe3 Bd7 17. Nd5 Bf6 18. a4 Rb8 19. a5 Bg5 20. Qf2 f6 21. Nb6 Bc6
22. Be6 Qe8 23. b4 Rd8 24. c4 g6 25. Rb1 Rb8 26. Qb2 Qe7 27. b5 axb5 28. cxb5
Be8 29. Nd5 Qd8 30. fxg6 hxg6 31. Qa2 f5 32. b6 Bc6 33. Rbf1 f4 34. Rc1 Bxd5
35. Qxd5 Re8 36. Bf7 Re7 37. Bxg6 Rg7 38. Bf5 Bh4 39. Rc2 Qf6 40. Rf1 Qh6 41.
d4 Rbg8 42. dxe5 Rg3 43. Kh1 f3 44. gxf3 1-0

[Event "5MCR_4D_2L_3S"]
[Site "?"]
[Date "2002.??.??"]
[Round "?"]
[White "Durchan, Milan"]
[Black "Splichal, Stanislav"]
[Result "0-1"]
[WhiteElo "2145"]
[BlackElo "2190"]
[PlyCount "102"]
[EventDate "2002.??.??"]
[EventType "corr"]
[SourceDate "2004.??.??"]

1. e4 c6 2. d4 d5 3. e5 Bf5 4. Nc3 e6 5. g4 Bg6 6. Nge2 Ne7 7. Nf4 Nd7 8. h4 h6
9. Nxg6 Nxg6 10. h5 Ne7 11. Ne2 c5 12. c3 Nc6 13. Bg2 Qb6 14. O-O Be7 15. Rb1
Qa6 16. a3 c4 17. Be3 O-O-O 18. b3 cxb3 19. Qxb3 Nb6 20. Nf4 Na5 21. Qa2 Kb8
22. Rfd1 Qc4 23. Qc2 Rc8 24. Ne2 Qa4 25. Qd3 Nac4 26. Bc1 Nxa3 27. Bxa3 Bxa3
28. Ra1 Qb3 29. Rab1 Qc4 30. Qc2 Qa4 31. Rb3 Be7 32. Bf1 Rc7 33. Rdb1 Rhc8 34.
Qb2 Qc6 35. Qa2 Nc4 36. Nf4 b6 37. Nd3 f6 38. Re1 Qd7 39. Qe2 Rf8 40. Bg2 Na5
41. exf6 Rxf6 42. Ne5 Qc8 43. Rb5 Nc4 44. Ng6 Bd6 45. Qa2 Rcf7 46. Re2 a6 47.
Rb1 Ka7 48. Qb3 Qc7 49. Ra1 a5 50. Raa2 Qc6 51. Ra1 Bb8 0-1